[Event "SK Herne-Sodingen 1 - SF Monheim 1"]
[Site "NRW-Klasse, Gruppe 2 2010/201"]
[Date "2010.12.19"]
[Round "4.4"]
[White "Becker, Joerg"]
[Black "Huelsmann, Josef"]
[Result "0-1"]
[WhiteElo "2176"]
[BlackElo "2113"]
[PlyCount "146"]
[EventDate "2010.??.??"]

1. e4 e6 2. d4 d5 3. exd5 exd5 4. c4 Nf6 5. Nf3 Bb4+ 6. Nc3 O-O 7. h3 Re8+ 8.
Be3 c5 9. Bd3 dxc4 10. Bxc4 Nd5 11. O-O Bxc3 12. bxc3 Be6 13. Qb3 Nc6 14. Ng5
Na5 15. Qc2 Nxc4 16. Qxh7+ Kf8 17. Nxe6+ fxe6 18. Qd3 b5 19. a4 a6 20. axb5
axb5 21. Rxa8 Qxa8 22. dxc5 Kg8 23. Bg5 Qc6 24. Qg6 Ne5 25. Qe4 Nd7 26. c4 bxc4
27. Qxc4 Qxc5 28. Qxc5 Nxc5 29. f3 Ra8 30. Rc1 Nd3 31. Rd1 N3f4 32. Rd2 Kf7 33.
Kf2 Kg6 34. h4 Ra3 35. Kg3 Nd3 36. Kh2 Rb3 37. Re2 e5 38. Ra2 Rb2 39. Rxb2 Nxb2
40. Bc1 Nd3 41. Bd2 Kf5 42. g3 e4 43. fxe4+ Kxe4 44. h5 Nf6 45. Bc3 Ne5 46. Kh3
Nxh5 47. Kh4 Nf6 48. Kg5 Nfg4 49. Bb2 Kf3 50. Kh4 g6 51. Bd4 Nf7 52. Bc5 Ne3
53. Kh3 Ng5+ 54. Kh2 Ng4+ 55. Kg1 Nh3+ 56. Kf1 Ne3+ 57. Ke1 Nf5 58. g4 Kxg4 59.
Bb6 Ng3 60. Kd2 Kf3 61. Bd8 Ne4+ 62. Ke1 Nf4 63. Kf1 Nd5 64. Bh4 Ndf6 65. Kg1
Kg4 66. Be1 g5 67. Kg2 Nh5 68. Ba5 Nf4+ 69. Kh2 Kf3 70. Bd8 g4 71. Bh4 Ng6 72.
Be1 Nf2 73. Kg1 g3 0-1

[Event "SK Herne-Sodingen 1 - SF Monheim 1"]
[Site "NRW-Klasse, Gruppe 2 2010/201"]
[Date "2010.12.19"]
[Round "4.5"]
[White "Weber, Franz-Josef"]
[Black "Berndt, Joachim"]
[Result "1-0"]
[WhiteElo "2041"]
[BlackElo "2118"]
[PlyCount "59"]
[EventDate "2010.??.??"]

1. e4 e6 2. d4 d5 3. e5 c5 4. c3 Qa5 5. dxc5 Qc7 6. Nf3 Bxc5 7. Bd3 Nc6 8. Qe2
Nge7 9. O-O Ng6 10. Re1 Bd7 11. h4 f6 12. Bxg6+ hxg6 13. Bf4 a6 14. Nbd2 O-O
15. Bg3 fxe5 16. Nb3 Bd6 17. Nxe5 Nxe5 18. Bxe5 Rf5 19. Bxd6 Qxd6 20. Nd4 Rf4
21. g3 Re4 22. Qc2 e5 23. Nf3 Rf8 24. Ng5 Rg4 25. Rad1 Bc6 26. Qe2 Qf6 27. Qxg4
Qxf2+ 28. Kh1 Rf5 29. Re2 d4+ 30. Ne4 1-0

[Event "SK Herne-Sodingen 1 - SF Monheim 1"]
[Site "NRW-Klasse, Gruppe 2 2010/201"]
[Date "2010.12.19"]
[Round "4.6"]
[White "Kaehmann, Joerg"]
[Black "Reinemer, Frank"]
[Result "1-0"]
[WhiteElo "2170"]
[BlackElo "2111"]
[PlyCount "61"]
[EventDate "2010.??.??"]

1. e4 Nf6 2. e5 Nd5 3. d4 d6 4. Nf3 g6 5. Bc4 Nb6 6. Bb3 Bg7 7. Ng5 e6 8. Qf3
Qd7 9. Ne4 dxe5 10. Nf6+ Bxf6 11. Qxf6 Rg8 12. dxe5 Qd4 13. O-O N8d7 14. Qf3
Nxe5 15. Qg3 f6 16. Nc3 Bd7 17. Re1 Ke7 18. Bf4 g5 19. Bxe5 fxe5 20. Re4 Qd6
21. Rd1 Qc6 22. Rxe5 h6 23. Qe3 Nc4 24. Bxc4 Qxc4 25. Rc5 Qg4 26. f3 Qh5 27.
Rxc7 Rad8 28. Qc5+ Ke8 29. Ne4 Qg6 30. Nd6+ Kf8 31. Nf5+ 1-0

[Event "SK Herne-Sodingen 1 - SF Monheim 1"]
[Site "NRW-Klasse, Gruppe 2 2010/201"]
[Date "2010.12.19"]
[Round "4.7"]
[White "Deppe, Arne"]
[Black "Leveikina, Jevgenija"]
[Result "1-0"]
[WhiteElo "2043"]
[BlackElo "2016"]
[PlyCount "81"]
[EventDate "2010.??.??"]

1. e4 c6 2. d4 d5 3. Nc3 dxe4 4. Nxe4 Nf6 5. Nxf6+ exf6 6. Qd3 Bd6 7. Bd2 O-O
8. O-O-O Be6 9. c4 b5 10. Qc2 Nd7 11. c5 Bc7 12. Bd3 Kh8 13. Ne2 Re8 14. h4 Nf8
15. Be3 a5 16. Kb1 a4 17. Nc3 Qb8 18. d5 b4 19. dxe6 bxc3 20. exf7 Re7 21. Bc4
cxb2 22. h5 Nd7 23. h6 g6 24. g4 Bf4 25. Bd4 Be5 26. Rhe1 Qf8 27. Qe4 Rxf7 28.
Bxf7 Qxf7 29. Qxc6 Rf8 30. g5 Bxd4 31. Rxd4 Ne5 32. Qxf6+ Qxf6 33. gxf6 Nf3 34.
Red1 Nxd4 35. Rxd4 Kg8 36. f7+ Kxf7 37. Rf4+ Ke7 38. Rxf8 Kxf8 39. Kxb2 Ke7 40.
Ka3 Kd7 41. Kxa4 1-0

[Event "SK Herne-Sodingen 1 - SF Monheim 1"]
[Site "NRW-Klasse, Gruppe 2 2010/201"]
[Date "2010.12.19"]
[Round "4.8"]
[White "Trzaska, Peter"]
[Black "Weisshaupt, Rainer"]
[Result "0-1"]
[WhiteElo "2051"]
[BlackElo "1976"]
[PlyCount "88"]
[EventDate "2010.??.??"]

1. c4 e5 2. Nf3 Nc6 3. d4 exd4 4. Nxd4 Bc5 5. Nb3 Bb4+ 6. Bd2 Bxd2+ 7. Qxd2 Nf6
8. Nc3 O-O 9. e3 Qe7 10. Nd5 Nxd5 11. cxd5 Ne5 12. d6 cxd6 13. Nd4 d5 14. Nb5
d6 15. Nc3 Be6 16. Nxd5 Bxd5 17. Qxd5 Rac8 18. Bd3 Rc5 19. Qd4 Qe6 20. Be2 Rc2
21. Bd1 Nc6 22. Qh4 Rxb2 23. Bb3 Qe5 24. O-O Na5 25. Rfd1 Nxb3 26. axb3 a5 27.
Qg3 Qxg3 28. hxg3 b6 29. Rac1 Rxb3 30. Rxd6 g6 31. e4 a4 32. Rc7 a3 33. Ra7 b5
34. e5 Re8 35. Rdd7 Rxe5 36. g4 a2 37. Rxa2 h5 38. Ra8+ Kg7 39. Raa7 hxg4 40.
Rxf7+ Kh6 41. Rh7+ Kg5 42. Ra6 Re1+ 43. Kh2 g3+ 44. fxg3 Rbb1 0-1

[Event "Elberfelder SG 1 - Bielefelder SK 1"]
[Site "NRW-Klasse, Gruppe 2 2010/201"]
[Date "2010.12.19"]
[Round "4.1"]
[White "Gruen, Gerd-Peter"]
[Black "Odendahl, Reiner"]
[Result "0-1"]
[WhiteElo "2327"]
[BlackElo "2303"]
[PlyCount "74"]
[EventDate "2010.??.??"]

1. d4 Nf6 2. Nf3 e6 3. c4 c5 4. d5 exd5 5. cxd5 Bd6 6. Nc3 Bc7 7. g3 d6 8. Bg2
O-O 9. O-O a6 10. a4 Nbd7 11. Nd2 Re8 12. h3 Rb8 13. Rb1 Ne5 14. b3 Bd7 15. Bb2
b5 16. axb5 axb5 17. Qc2 h5 18. f4 Ng6 19. e4 Bb6 20. Kh1 Qc8 21. f5 Ne5 22.
Nf3 c4 23. Nxe5 dxe5 24. b4 Qc7 25. Bc1 Qd6 26. Bg5 Ra8 27. Bxf6 Qxf6 28. h4
Ra3 29. Ra1 Rea8 30. Qb2 Rxa1 31. Rxa1 Rxa1+ 32. Qxa1 Qh6 33. Kh2 Kh7 34. Qa8
Qd2 35. Qb8 Bd4 36. Nxb5 Qxb4 37. f6 Qb1 0-1

[Event "Elberfelder SG 1 - Bielefelder SK 1"]
[Site "NRW-Klasse, Gruppe 2 2010/201"]
[Date "2010.12.19"]
[Round "4.2"]
[White "Hintze, Helge"]
[Black "Forchert, Martin"]
[Result "1/2-1/2"]
[WhiteElo "2303"]
[BlackElo "2340"]
[PlyCount "59"]
[EventDate "2010.??.??"]

1. Nf3 d5 2. d4 Nf6 3. c4 c6 4. cxd5 cxd5 5. Nc3 Nc6 6. Bf4 Bf5 7. e3 e6 8. Qb3
Bb4 9. Bb5 O-O 10. O-O Qe7 11. Bxc6 bxc6 12. Na4 Nh5 13. a3 Ba5 14. Bg3 Nxg3
15. hxg3 f6 16. Rfc1 Rfc8 17. Qd1 Bg6 18. Nc5 Bb6 19. Rc3 a5 20. Na4 Bd8 21.
Rac1 Be8 22. Rc5 Rcb8 23. Qe2 Qb7 24. Nd2 Be7 25. R5c3 Qb5 26. Qd1 Bd6 27. Qc2
Bg6 28. Qd1 Be8 29. Qc2 Bg6 30. Qd1 1/2-1/2

[Event "Elberfelder SG 1 - Bielefelder SK 1"]
[Site "NRW-Klasse, Gruppe 2 2010/201"]
[Date "2010.12.19"]
[Round "4.3"]
[White "Buenermann, Volker"]
[Black "Mantler, Hendrik"]
[Result "0-1"]
[WhiteElo "2270"]
[BlackElo "2136"]
[PlyCount "130"]
[EventDate "2010.??.??"]

1. e4 e5 2. Nf3 Nc6 3. Bb5 a6 4. Ba4 Nf6 5. Qe2 b5 6. Bb3 Bc5 7. c3 d6 8. d3 h6
9. O-O O-O 10. Be3 Bxe3 11. Qxe3 Nh5 12. Bd5 Bd7 13. d4 Qf6 14. dxe5 dxe5 15.
Nbd2 Rad8 16. Rfe1 Nf4 17. g3 Bh3 18. Bxc6 Rd3 19. Qc5 Rxf3 20. Re3 Rxe3 21.
Qxe3 Qxc6 22. gxf4 Qg6+ 23. Qg3 exf4 24. Qxg6 fxg6 25. a4 Rd8 26. Nb3 bxa4 27.
Nc5 Rd2 28. Nxa4 Kf7 29. b4 Rc2 30. Re1 Bd7 31. Nc5 Bb5 32. e5 Rxc3 33. Kg2
Bc6+ 34. Kf1 a5 35. Ne4 Bxe4 36. Rxe4 f3 37. bxa5 Ra3 38. Re3 Ra1+ 39. Re1 Rxa5
40. Rc1 c5 41. Ke1 Ke6 42. Rc3 Kxe5 43. Rxf3 c4 44. Rf7 Kd4 45. Rd7+ Kc3 46.
Rxg7 Ra6 47. h4 Kc2 48. h5 Re6+ 49. Kf1 gxh5 50. Kg2 c3 51. f4 Re2+ 52. Kf3 Kd1
53. Rd7+ Rd2 54. Rg7 Rd6 55. Ke3 Kc1 56. f5 c2 57. Ke4 Rd1 58. f6 Kb1 59. Rb7+
Ka2 60. Ra7+ Kb3 61. Rb7+ Ka4 62. Ra7+ Kb5 63. f7 c1=Q 64. f8=Q Re1+ 65. Kd3
Qc4+ 0-1

[Event "Elberfelder SG 1 - Bielefelder SK 1"]
[Site "NRW-Klasse, Gruppe 2 2010/201"]
[Date "2010.12.19"]
[Round "4.4"]
[White "Kurr, Gerd"]
[Black "Goeßling, Guido"]
[Result "0-1"]
[WhiteElo "2160"]
[BlackElo "2188"]
[PlyCount "150"]
[EventDate "2010.??.??"]

1. d4 d5 2. Nf3 Nf6 3. c4 c6 4. cxd5 cxd5 5. Nc3 Nc6 6. Bf4 e6 7. e3 Nh5 8. Bg3
Qb6 9. Bb5 Nxg3 10. hxg3 Bd6 11. Rc1 Bd7 12. Qe2 a6 13. Bd3 h6 14. a3 Rc8 15.
O-O O-O 16. g4 Be7 17. b4 Bf6 18. Bb1 Rfd8 19. Qd3 g6 20. Na4 Qc7 21. Nc5 Be8
22. Ba2 Qe7 23. Rfd1 Bg7 24. Qd2 Nb8 25. Nd3 Ba4 26. Rxc8 Rxc8 27. Rc1 Rxc1+
28. Qxc1 Qd8 29. Nde5 Nd7 30. Nxd7 Qxd7 31. Bb1 Bb5 32. Qc5 Bf8 33. Qc2 Bd6 34.
g5 hxg5 35. Nxg5 Qc6 36. f4 Qc4 37. Kh2 Qxc2 38. Bxc2 Bc4 39. Nf3 a5 40. bxa5
Bxa3 41. Ne5 Bc1 42. Kg3 Bxe3 43. Kf3 Bxd4 44. Nxc4 dxc4 45. Be4 Bc3 46. Bxb7
Bxa5 47. g4 Bd2 48. Be4 Kf8 49. f5 exf5 50. gxf5 g5 51. Bc2 Ke7 52. Bd1 Kd6 53.
Ke4 Kc5 54. f6 Kb4 55. Bh5 c3 56. Kd3 Bf4 57. Bxf7 Be5 58. Be6 Bxf6 59. Kc2 Kc5
60. Kd3 Kd6 61. Bc8 Bd4 62. Bg4 Kc5 63. Bf5 Be5 64. Bg4 Kb4 65. Be6 Bf4 66. Kc2
Bd2 67. Kd3 Kc5 68. Bg4 Kd5 69. Bd1 Ke5 70. Ke2 Kf4 71. Kf2 Be3+ 72. Kg2 Bd4
73. Kf1 Ke3 74. Ke1 Kd3 75. Be2+ Kc2 0-1

[Event "Elberfelder SG 1 - Bielefelder SK 1"]
[Site "NRW-Klasse, Gruppe 2 2010/201"]
[Date "2010.12.19"]
[Round "4.5"]
[White "Wagenknecht, Uwe"]
[Black "Werbeck, Torsten"]
[Result "1/2-1/2"]
[WhiteElo "2194"]
[BlackElo "2053"]
[PlyCount "47"]
[EventDate "2010.??.??"]

1. c4 Nf6 2. Nc3 c5 3. g3 g6 4. Bg2 Bg7 5. Nf3 O-O 6. O-O Nc6 7. d4 cxd4 8.
Nxd4 Nxd4 9. Qxd4 d6 10. Bg5 h6 11. Bxf6 Bxf6 12. Qe3 Bg7 13. Rac1 Be6 14. b3
Qd7 15. Rfd1 Rfc8 16. Nb5 a6 17. Nd4 Rc7 18. Nxe6 Qxe6 19. Qb6 Qc8 20. Rd3 Rb8
21. Rcd1 Rc5 22. Bd5 Qc7 23. Qxc7 Rxc7 24. a4 1/2-1/2

[Event "Elberfelder SG 1 - Bielefelder SK 1"]
[Site "NRW-Klasse, Gruppe 2 2010/201"]
[Date "2010.12.19"]
[Round "4.6"]
[White "Noetzel, Frank"]
[Black "Simon, Hans Christian"]
[Result "1/2-1/2"]
[WhiteElo "2208"]
[BlackElo "2141"]
[PlyCount "39"]
[EventDate "2010.??.??"]

1. d4 Nf6 2. Bg5 e6 3. Nd2 c5 4. e3 Be7 5. c3 cxd4 6. exd4 b6 7. Ngf3 Bb7 8.
Bd3 d6 9. O-O Nbd7 10. Re1 O-O 11. a4 a6 12. h3 Re8 13. Qe2 Nf8 14. Bxf6 Bxf6
15. Be4 Qc7 16. Bxb7 Qxb7 17. Nc4 Be7 18. Qd3 Nd7 19. Ne3 b5 20. Re2 1/2-1/2

[Event "Elberfelder SG 1 - Bielefelder SK 1"]
[Site "NRW-Klasse, Gruppe 2 2010/201"]
[Date "2010.12.19"]
[Round "4.7"]
[White "Danielmeier, Ralf"]
[Black "Wicht, Juergen"]
[Result "1/2-1/2"]
[WhiteElo "2107"]
[BlackElo "2069"]
[PlyCount "62"]
[EventDate "2010.??.??"]

1. e4 d6 2. d4 Nf6 3. Nc3 e5 4. Nge2 exd4 5. Nxd4 Be7 6. g3 O-O 7. Bg2 c6 8.
O-O Na6 9. Bf4 Nc7 10. Re1 Re8 11. Qd2 d5 12. Bxc7 Qxc7 13. exd5 cxd5 14. Nxd5
Nxd5 15. Nb5 Qb6 16. Qxd5 Be6 17. Qxb7 Qxb7 18. Bxb7 Rab8 19. Bc6 Rec8 20. Nd4
Bf6 21. Nxe6 Rxc6 22. Nf4 Rxc2 23. Nd3 g6 24. Kf1 Rd2 25. Rad1 Rxd1 26. Rxd1
Bxb2 27. Rd2 Ba3 28. h4 Rd8 29. Ke2 Re8+ 30. Kf3 Kg7 31. Rc2 Re7 1/2-1/2

[Event "Elberfelder SG 1 - Bielefelder SK 1"]
[Site "NRW-Klasse, Gruppe 2 2010/201"]
[Date "2010.12.19"]
[Round "4.8"]
[White "Kley, Thomas"]
[Black "Gruettemeier, Uwe"]
[Result "1/2-1/2"]
[WhiteElo "2079"]
[BlackElo "2078"]
[PlyCount "50"]
[EventDate "2010.??.??"]

1. e4 c6 2. d4 d5 3. e5 c5 4. dxc5 Nc6 5. Bb5 e6 6. b4 Qh4 7. c3 Qe4+ 8. Qe2
Qxg2 9. Qf3 Qxf3 10. Nxf3 Nge7 11. O-O Bd7 12. a4 Ng6 13. Re1 a5 14. Ba3 Be7
15. Nbd2 f6 16. bxa5 O-O 17. a6 bxa6 18. Bxc6 Bxc6 19. Nd4 Bxa4 20. Bb4 Bb5 21.
Nxe6 Rfc8 22. exf6 Bxf6 23. Nf3 Ne7 24. Nfd4 Nc6 25. Nxc6 Rxc6 1/2-1/2

[Event "SF Schwerte 1 - SV Erkenschwick 1"]
[Site "NRW-Klasse, Gruppe 2 2010/201"]
[Date "2010.12.19"]
[Round "4.1"]
[White "Erwich, Marc"]
[Black "Klug, Wolfgang"]
[Result "1-0"]
[WhiteElo "2296"]
[BlackElo "1911"]
[Annotator ",Daniel"]
[PlyCount "109"]
[EventDate "2010.??.??"]

1. e4 c5 2. Nf3 g6 3. d4 cxd4 4. Nxd4 Nc6 5. Be3 Nf6 6. Nc3 Bg7 7. Nxc6 bxc6 8.
Bc4 d6 9. h3 O-O 10. O-O Qa5 11. a3 Nd7 12. Bd4 Bxd4 13. Qxd4 Qb6 14. Qd2 Ba6
15. Bxa6 Qxa6 $11 16. f4 Rfd8 17. Kh2 Rab8 18. b3 Qa5 19. Qe3 Qb6 20. Qf3 Qc5
21. a4 Qd4 22. Rad1 Qc5 23. Rd2 Rf8 24. e5 d5 25. Qg3 f5 26. h4 Kg7 27. h5 Qb4
28. Rf3 d4 29. Rd1 Nc5 30. Ne2 Ne4 31. Qh4 c5 32. Qxe7+ Rf7 33. Qh4 Qb6 34. Ng3
Qd8 35. h6+ Kf8 36. Qxd8+ Rxd8 37. Re1 Nc3 38. Ne2 Ne4 39. Nc1 Ke7 40. Nd3 Rc8
41. Nf2 Nc3 42. Rd3 Ke6 43. Nh3 Ne4 44. b4 Rd7 45. Red1 Nc3 46. Ng5+ Ke7 47.
bxc5 Nxd1 48. Rxd1 Kf8 49. e6 Re7 50. Rxd4 Rxc5 51. Rd8+ Re8 52. Nxh7+ Ke7 53.
Rxe8+ Kxe8 54. Nf6+ Ke7 55. h7 1-0

[Event "SF Schwerte 1 - SV Erkenschwick 1"]
[Site "NRW-Klasse, Gruppe 2 2010/201"]
[Date "2010.12.19"]
[Round "4.2"]
[White "Borzykin, Ihor"]
[Black "van Beek, Alexander"]
[Result "0-1"]
[WhiteElo "1927"]
[BlackElo "2264"]
[PlyCount "22"]
[EventDate "2010.??.??"]

1. e4 e5 2. Nf3 Nc6 3. Bc4 Nf6 4. d4 exd4 5. e5 d5 6. Bb5 Ne4 7. Nxd4 Bd7 8.
Nxc6 bxc6 9. Bd3 Qh4 10. Qf3 Bg4 11. Qf4 g5 0-1

[Event "SF Schwerte 1 - SV Erkenschwick 1"]
[Site "NRW-Klasse, Gruppe 2 2010/201"]
[Date "2010.12.19"]
[Round "4.3"]
[White "Erwich, Frank A.S"]
[Black "Tawakol, Kai"]
[Result "1/2-1/2"]
[WhiteElo "2282"]
[BlackElo "2103"]
[PlyCount "123"]
[EventDate "2010.??.??"]

1. c4 c5 2. Nc3 Nc6 3. Nf3 g6 4. e3 d6 5. d4 Bg4 6. Be2 Bg7 7. d5 Bxc3+ 8. bxc3
Bxf3 9. gxf3 Nb8 10. Rb1 Qc7 11. Qb3 b6 12. e4 Nd7 13. Be3 Ngf6 14. Bh6 Rg8 15.
h4 O-O-O 16. Qb5 Kb7 17. Bd1 a6 18. Qb2 Ka7 19. Ba4 Rb8 20. Qa3 Nh5 21. Bb5 a5
22. Ke2 f5 23. Rbg1 fxe4 24. fxe4 Ne5 25. Qc1 Nf7 26. Be3 Rbf8 27. f4 Nd8 28.
Rh3 e5 29. fxe5 dxe5 30. Rh2 Nf4+ 31. Kd2 Nb7 32. Qc2 Nd6 33. Kc1 Rg7 34. Rf2
Rgf7 35. Rgf1 Qe7 36. Kb1 Qxh4 37. Rh2 Qe7 38. Rfh1 h5 39. Qb3 Nxe4 40. Bc6 Qd6
41. Rb2 Rb8 42. Qc2 Ng3 43. Rd1 Nf5 44. Bg1 Ne7 45. Qa4 Rf6 46. Bb5 Nh3 47. Bh2
Rf2 48. Rxf2 Nxf2 49. Re1 Ng4 50. Bg1 Rf8 51. Bd7 Nf6 52. Be6 Ng4 53. Bxg4 hxg4
54. Bh2 Rf5 55. Qe8 g5 56. Bg3 Rf3 57. Rxe5 Qg6+ 58. Qxg6 Nxg6 59. Rxg5 Rxg3
60. Rxg6 Rg2 61. Rg7+ Kb8 62. Rg6 1/2-1/2

[Event "SF Schwerte 1 - SV Erkenschwick 1"]
[Site "NRW-Klasse, Gruppe 2 2010/201"]
[Date "2010.12.19"]
[Round "4.4"]
[White "Fleischhauer, Thomas"]
[Black "Homs, Guust"]
[Result "0-1"]
[WhiteElo "2040"]
[BlackElo "2077"]
[Annotator ",Daniel"]
[PlyCount "112"]
[EventDate "2010.??.??"]

1. Nf3 d5 2. g3 g6 3. Bg2 Bg7 4. O-O e5 5. d3 Ne7 6. e4 dxe4 7. dxe4 O-O 8. c3
b6 9. Qc2 c5 10. Rd1 Qc7 11. Nbd2 Ba6 12. Nf1 Nbc6 13. Ne3 Rad8 14. Nd5 Nxd5
15. exd5 Ne7 16. c4 Nf5 17. a4 Rfe8 18. Be3 Nxe3 19. fxe3 e4 20. Nd2 f5 21.
Rab1 $11 Bc8 22. Rf1 Qe5 23. Nb3 h5 24. Nc1 Bh6 25. Qf2 Bd7 26. Ra1 Rb8 27. Ra2
Rf8 28. Ne2 g5 29. Kh1 Kh7 30. Bh3 Rb7 31. Bg2 Rbb8 32. Bh3 a6 33. b3 Rbe8 34.
Bg2 Re7 35. Rc2 Ref7 36. Rcc1 Rf6 37. Rcd1 R8f7 38. Rb1 Bf8 39. Bh3 Bd6 40. Kg1
h4 41. Bg2 Rh6 42. Rbe1 Rff6 43. Rb1 Kg7 44. Qe1 Be8 45. Qc3 Qxc3 46. Nxc3 hxg3
47. hxg3 Bxg3 48. Rbd1 Bh2+ 49. Kf2 Be5 50. Ne2 Bg6 51. Rh1 f4 52. Rxh6 Kxh6
53. Rh1+ Kg7 54. Bh3 fxe3+ 55. Kxe3 Rf3+ 56. Kd2 Rxb3 0-1

[Event "SF Schwerte 1 - SV Erkenschwick 1"]
[Site "NRW-Klasse, Gruppe 2 2010/201"]
[Date "2010.12.19"]
[Round "4.5"]
[White "Eggenstein, Frank"]
[Black "Vicktor, Christian"]
[Result "1/2-1/2"]
[WhiteElo "2022"]
[BlackElo "2000"]
[Annotator ",Daniel"]
[PlyCount "86"]
[EventDate "2010.??.??"]

1. e4 d5 2. exd5 Qxd5 3. Nc3 Qd6 4. d4 Nf6 5. Nf3 c6 6. h3 Bf5 7. Bc4 e6 8. O-O
Be7 9. Ne5 O-O 10. g4 Bg6 11. Nxg6 hxg6 12. Ne2 Nbd7 13. Bf4 Qb4 14. Bb3 Qa5
15. Re1 Rfe8 16. c3 Rac8 17. Bh2 Nd5 18. Nf4 Nxf4 19. Bxf4 Nf6 20. Qf3 Nd5 21.
Bg3 Qd8 22. Rad1 $11 Bd6 23. Be5 g5 24. Bxd5 cxd5 25. Qe3 f6 26. Bg3 b5 27. Rc1
a6 28. Kg2 Qc7 29. Bxd6 Qxd6 30. Rh1 e5 31. Rhd1 e4 32. Re1 b4 33. Qe2 bxc3 34.
Rxc3 Rxc3 35. bxc3 Rc8 36. Rc1 Rc4 37. Rc2 Kf7 38. Qe3 Qc6 39. Qg3 Rxd4 40.
cxd4 Qxc2 41. Qd6 Qc4 42. Qd7+ Kf8 43. Qd8+ Kf7 1/2-1/2

[Event "SF Schwerte 1 - SV Erkenschwick 1"]
[Site "NRW-Klasse, Gruppe 2 2010/201"]
[Date "2010.12.19"]
[Round "4.6"]
[White "Zarges, Stephan"]
[Black "Strozewski, Frank"]
[Result "1-0"]
[WhiteElo "2136"]
[BlackElo "1969"]
[PlyCount "57"]
[EventDate "2010.??.??"]

1. e4 d6 2. d4 g6 3. Nc3 Bg7 4. Be3 Nc6 5. h3 e5 6. Nf3 a6 7. Bc4 Nge7 8. a3
O-O 9. Qd2 exd4 10. Nxd4 Nxd4 11. Bxd4 Nc6 12. Bxg7 Kxg7 13. O-O-O Be6 14. Nd5
Bxd5 15. Bxd5 Qf6 16. f4 Rae8 17. g4 h6 18. h4 Nd8 19. g5 Qe7 20. gxh6+ Kh7 21.
h5 Rg8 22. hxg6+ Rxg6 23. e5 f5 24. Rdg1 Rxg1+ 25. Rxg1 Qh4 26. Kb1 dxe5 27.
Qg2 Qg4 28. Qh2 Qxf4 29. Qh5 1-0

[Event "SF Schwerte 1 - SV Erkenschwick 1"]
[Site "NRW-Klasse, Gruppe 2 2010/201"]
[Date "2010.12.19"]
[Round "4.7"]
[White "Strohmann, Marc"]
[Black "Duerwald, Martin"]
[Result "0-1"]
[WhiteElo "1697"]
[BlackElo "2032"]
[PlyCount "54"]
[EventDate "2010.??.??"]

1. c4 e5 2. Nc3 Bb4 3. Nf3 Nc6 4. d4 exd4 5. Nxd4 Bxc3+ 6. bxc3 Ne5 7. e3 Nf6
8. Be2 O-O 9. O-O d6 10. f3 a6 11. Qb3 Qe7 12. e4 c5 13. Nc2 Rb8 14. a4 Be6 15.
a5 Qc7 16. Ne3 b5 17. axb6 Rxb6 18. Qc2 Rfb8 19. Ra2 h6 20. Rb2 Rxb2 21. Bxb2
Qb6 22. Rb1 g5 23. Nd5 Bxd5 24. cxd5 c4+ 25. Kf1 Nfd7 26. Qd2 Nc5 27. Qd4 Ncd3
0-1

[Event "SF Schwerte 1 - SV Erkenschwick 1"]
[Site "NRW-Klasse, Gruppe 2 2010/201"]
[Date "2010.12.19"]
[Round "4.8"]
[White "Vorschuetz, Stefan"]
[Black "Broszeit, Peter"]
[Result "1-0"]
[WhiteElo "2010"]
[BlackElo "2013"]
[Annotator ",Daniel"]
[PlyCount "61"]
[EventDate "2010.??.??"]

1. e4 e6 2. d4 d5 3. Nc3 Nf6 4. e5 Nfd7 5. f4 c5 6. Nf3 Nc6 7. Be3 cxd4 8. Nxd4
Be7 9. Qd2 O-O 10. O-O-O Nxd4 11. Bxd4 f6 12. exf6 Bxf6 13. g3 Bxd4 14. Qxd4
Qb6 15. Bh3 Qxd4 $11 16. Bxe6+ Kh8 17. Rxd4 Nf6 18. Bxc8 Raxc8 19. Nxd5 Rf7 20.
Nxf6 gxf6 21. Rhd1 Rcc7 22. f5 Kg7 23. Rg4+ Kf8 24. Rd8+ Ke7 25. Rgg8 Rd7 26.
Rge8+ Kd6 27. Rxd7+ Kxd7 28. Re6 h5 29. Kd2 h4 30. g4 h3 31. Ke3 1-0

[Event "SK Münster 2 - SC Klein-Berlin Rheine 1"]
[Site "NRW-Klasse, Gruppe 2 2010/201"]
[Date "2010.12.19"]
[Round "4.2"]
[White "Chilla, Jan Eric"]
[Black "Bruemmer, Frank"]
[Result "0-1"]
[WhiteElo "2096"]
[BlackElo "2184"]
[PlyCount "118"]
[EventDate "2010.??.??"]

1. e4 e6 2. d4 d5 3. Nc3 Nf6 4. e5 Nfd7 5. f4 c5 6. Nf3 Nc6 7. Be3 Be7 8. Qd2
O-O 9. O-O-O a6 10. h4 b5 11. dxc5 Bxc5 12. Bxc5 Nxc5 13. Bd3 f6 14. h5 b4 15.
Ne2 a5 16. exf6 Qxf6 17. Ng5 Nxd3+ 18. Qxd3 Qf5 19. Qxf5 Rxf5 20. h6 Ra7 21.
Nd4 Nxd4 22. Rxd4 Rf6 23. Nf3 Bd7 24. hxg7 Be8 25. Ne5 Rxg7 26. g4 Bg6 27. Rh2
Be4 28. g5 Rxf4 29. Nc6 Rf1+ 30. Rd1 Rxd1+ 31. Kxd1 Rxg5 32. Nxa5 Rg1+ 33. Kd2
Ra1 34. Nc6 Rxa2 35. Kc1 b3 36. cxb3 Ra6 37. Ne5 Kg7 38. Kd2 Ra7 39. b4 Kf6 40.
Nc6 Rc7 41. Rf2+ Bf5 42. b5 Rb7 43. Nd4 Ke5 44. Kc3 Rc7+ 45. Nc6+ Kd6 46. Kb4
Bd3 47. Na5 Rg7 48. Rf4 h5 49. b3 Rg4 50. Nb7+ Ke5 51. Rxg4 hxg4 52. b6 Ba6 53.
Nc5 Bc8 54. Kb5 g3 55. Nd3+ Ke4 56. Ne1 d4 57. Kc6 d3 58. Kc7 d2 59. Kxc8
dxe1=Q 0-1

[Event "SK Münster 2 - SC Klein-Berlin Rheine 1"]
[Site "NRW-Klasse, Gruppe 2 2010/201"]
[Date "2010.12.19"]
[Round "4.3"]
[White "Lambrechts, Koen"]
[Black "Mueschenich, Stefan"]
[Result "1-0"]
[WhiteElo "2157"]
[BlackElo "2081"]
[Annotator ",Daniel"]
[PlyCount "123"]
[EventDate "2010.??.??"]

1. e4 c5 2. Nf3 d6 3. Nc3 Nc6 4. d4 cxd4 5. Nxd4 Bd7 6. Bg5 h6 7. Be3 Nf6 8. f3
a6 9. Qd2 e6 10. O-O-O Qc7 11. Kb1 Nxd4 12. Bxd4 Bc6 13. Qf2 Nd7 14. Bc4 b5 15.
Bb3 Nc5 16. Rhe1 Qb7 17. Qh4 Rg8 18. Rd2 Be7 19. Qh5 Bg5 20. Rdd1 O-O-O $11 21.
h4 g6 22. Qg4 Be7 23. Nd5 Nxb3 24. axb3 Kb8 25. Nxe7 Qxe7 26. Bc3 Qc7 27. Qf4
g5 28. hxg5 hxg5 29. Qd2 Rd7 30. Bb4 d5 31. e5 Ka8 32. Qd4 Rdd8 33. Rh1 Rh8 34.
Bd6 Qa7 35. Bc5 Qd7 36. Qg4 Rxh1 37. Rxh1 Rg8 38. Rh5 Qd8 39. Be3 f5 40. exf6
Qxf6 41. Rxg5 Rxg5 42. Bxg5 Qg6 43. Qf4 Kb7 44. Bd8 Qg7 45. Qe3 Qd7 46. Qb6+
Kc8 47. Bf6 Bb7 48. Qc5+ Bc6 49. Qd4 Kb7 50. g4 Qh7 51. Bd8 Kc8 52. Qc5 Qd7 53.
Bf6 Qc7 54. g5 Be8 55. Qe3 Kd7 56. Be5 Qc6 57. Qd3 Qc5 58. Qh7+ Kd8 59. g6 Qg1+
60. Ka2 Bxg6 61. Qc7+ Ke8 62. Bf6 1-0

[Event "SK Münster 2 - SC Klein-Berlin Rheine 1"]
[Site "NRW-Klasse, Gruppe 2 2010/201"]
[Date "2010.12.19"]
[Round "4.4"]
[White "Davenport, Darcy"]
[Black "Buendgen, Achim"]
[Result "0-1"]
[WhiteElo "2077"]
[BlackElo "2138"]
[Annotator ",Daniel"]
[PlyCount "107"]
[EventDate "2010.??.??"]

1. Nf3 g6 2. d4 Bg7 3. c4 d6 4. Nc3 Bg4 5. g3 Bxf3 6. exf3 Nc6 7. d5 Nd4 8. Be3
c5 9. dxc6 Nxc6 10. Bg2 Nf6 11. O-O O-O 12. Rc1 Nd7 13. Qe2 Rc8 14. Rfd1 Qa5
15. a3 Rfe8 16. f4 Qa6 17. Bh3 f5 18. Bg2 Nf6 19. Nb5 Na5 20. Bf1 Nb3 21. Rc3
Nc5 22. b4 Nce4 23. Rcc1 Ng4 24. f3 Nxe3 25. Qxe3 Nf6 26. Nxa7 Ra8 27. Nb5 Qc6
28. Qb3 Kh8 29. a4 Rad8 30. a5 e5 31. fxe5 dxe5 32. c5 Rd7 33. Rxd7 Qxd7 34.
Rd1 Qe7 35. Nd6 Rf8 36. Bg2 e4 37. Re1 Nh5 38. Qc4 e3 39. f4 g5 40. Qe2 Bc3 41.
Rd1 Ng7 42. Bxb7 $11 Bxb4 43. a6 Bxc5 44. Nc4 gxf4 45. gxf4 Ne6 46. Kh1 Nxf4
47. Qb2+ Qf6 48. Qxf6+ Rxf6 49. Ne5 Re6 50. Nf3 e2 51. Ra1 Ba7 52. h4 Rg6 53.
Re1 Rg3 54. Bc8 0-1

[Event "SK Münster 2 - SC Klein-Berlin Rheine 1"]
[Site "NRW-Klasse, Gruppe 2 2010/201"]
[Date "2010.12.19"]
[Round "4.5"]
[White "Henneberger, Sven"]
[Black "Wellen, Hendrik"]
[Result "1/2-1/2"]
[WhiteElo "2066"]
[BlackElo "2045"]
[PlyCount "40"]
[EventDate "2010.??.??"]

1. Nf3 d5 2. d4 Nf6 3. e3 g6 4. Bd3 Bg7 5. Nbd2 O-O 6. O-O Bg4 7. c4 c6 8. b4
Nbd7 9. Qb3 Bxf3 10. Nxf3 e6 11. a4 Ne4 12. cxd5 exd5 13. b5 Re8 14. bxc6 bxc6
15. Qb7 Re6 16. Bxe4 Rb8 17. Qxa7 Ra8 18. Qb7 Rb8 19. Qa7 Ra8 20. Qb7 Rb8
1/2-1/2